000 00491nam a2200181Ia 4500
008 240925s9999 xx 000 0 und d
020 _a8176565547
082 _a005.133 KAN
100 _aKanetkar, Yashvant
245 0 _aTest Your C++ Skils
250 _aNA
260 _aNew Delhi:
_bBPB Publication
_c,2002.
300 _axviii,866p.
_bNA
_fPhotocopy
500 _aIncludes Index
600 _aComputer Science
650 _aComputer science, information & general works
942 _cBK
999 _c7093
_d7093